000 00545nam a2200205Ia 4500
003 GCL
008 140319s9999 xx 000 0 eng d
040 _aGCL /
_cGCL
082 0 4 _a658.1552
_bHP
100 1 _aENGLISH, LIOYD M.
245 1 0 _aProject And Cost Engineers' Handbook /
_cENGLISH, LIOYD M.
700 1 _aHUMPHREYS, KENNETH K.
260 _a[S.N] :
_bMarcel Dekker, inc. ،
_c1992
300 _a304 P
650 0 4 _aتقوية الذاكرة
650 0 4 _aMANUALS
650 0 4 _aCOSTS
650 0 4 _aINDUSTRIAL
942 _2ddc
_cBK
999 _c19478
_d19478